Návrh grafickej aplikácie pre detekciu tváre a tvárových čŕt používateľa

Enregistré dans:
Détails bibliographiques
Auteur principal: Valkovič, Ľuboš (Auteur)
Autres auteurs: Okienková, Kristína (Directeur de thèse)
Format: Manuscrit Livre
Langue:slovaque
Publié: Bratislava : STU v Bratislave FEI, 2025
Sujets:
Accès en ligne:https://opac.crzp.sk/?fn=detailBiblioFormChildABHT7&sid=BA75C2D62745AD5727E99A9ED92F&seo=CRZP-detail-kniha
Tags: Ajouter un tag
Pas de tags, Soyez le premier à ajouter un tag!

MARC

LEADER 00000ntm a22000003a 4500
001 stuzp102188
003 SK-STU
005 20260210125620.5
007 ta
008 150427s2015----xo-----f-mn---000-0-slo-d
040 |a STU  |b slo 
041 0 |a slo 
044 |a xo 
100 1 |a Valkovič, Ľuboš  |u 031000  |4 aut  |U FEI Fakulta elektrotechniky a informatiky  |T FEI Ústav robotiky a kybernetiky  |X 116820  |U E011  |Y 356  |7 116820 
242 0 1 |a Design of Graphical Application for the Detection of a User’s Face and Facial Features  |y eng 
245 1 0 |a Návrh grafickej aplikácie pre detekciu tváre a tvárových čŕt používateľa 
260 |a Bratislava :  |b STU v Bratislave FEI,  |c 2025 
300 |a 56 s. 
650 4 |a Detekcia tváre  |2 slo 
650 4 |a YOLOv2  |2 slo 
650 4 |a MATLAB  |2 slo 
650 4 |a Konvolučné neurónové siete  |2 slo 
650 4 |a Grafická aplikácia  |2 slo 
650 4 |a Trénovanie modelu  |2 slo 
650 4 |a Face detection  |2 eng 
650 4 |a YOLOv2  |2 eng 
650 4 |a MATLAB  |2 eng 
650 4 |a Convolutional neural networks  |2 eng 
650 4 |a Graphical application  |2 eng 
650 4 |a Model training  |2 eng 
700 1 |a Okienková, Kristína  |u 031000  |k Z3  |4 ths  |U FEI Fakulta elektrotechniky a informatiky  |T FEI Ústav robotiky a kybernetiky  |X 92618  |U E011  |Y 356  |7 92618 
856 4 |u https://opac.crzp.sk/?fn=detailBiblioFormChildABHT7&sid=BA75C2D62745AD5727E99A9ED92F&seo=CRZP-detail-kniha